| 000 | 01584cam a2200385 i 4500 | ||
|---|---|---|---|
| 001 | 31875 | ||
| 003 | Mx-PuUPA | ||
| 005 | 20251022145602.0 | ||
| 008 | 140415s2012 mx a gr 000 0 spa d | ||
| 020 |
_a9786077784203 _qarquine |
||
| 020 |
_a9786074558746 _qconsejo Nacional para la cultura y las Artes |
||
| 040 |
_cMx-PuUPA _aMx-PuUPA _bspa _dMx-PuUPA _erda |
||
| 041 | 1 |
_aspa _aeng |
|
| 043 | _an-mx--- | ||
| 245 | 0 | 0 |
_aTEN Arquitectos/Enrique Norten : _blos límites de la forma = the limits of form / _cedición y diseño/edition and design, Alejandro Hernández Gálvez ; textos/texts, Robert McCarter [y otros seis] |
| 246 | 3 | 1 | _aLos límites de la forma |
| 246 | 3 | 1 | _aThe limits of form |
| 250 | _aPrimera edición | ||
| 264 | 1 |
_aMéxico, D.F. : _bArquine : _bConsejo Nacional para la Cultura y las Artes, _c2012 |
|
| 300 |
_a295 páginas : _bilustraciones, planos ; _c30 cm |
||
| 336 |
_2rdacontent _atexto _btxt |
||
| 336 |
_2rdacontent _aimagen fija _bsti |
||
| 337 |
_2rdamedia _asin medio _bn |
||
| 338 |
_2rdacarrier _avolumen _bnc |
||
| 600 | 1 | 4 |
_aNorten, Enrique, _d1954- |
| 610 | 4 | _aTEN Arquitectos (Firm) | |
| 650 | 7 |
_2armarc _aArquitectura _zMéxico _ySiglo XXI |
|
| 650 | 7 |
_2armarc _aArquitectura _zMéxico _xHistoria _ySiglo XXI |
|
| 700 | 1 |
_aHernández Gálvez, Alejandro, _eeditor _ediseñador _916866 |
|
| 700 | 1 |
_aMcCarter, Robert, _ecolaborador |
|
| 942 |
_2ddc _cLI _n _h720.9720904 _iT28 |
||
| 999 |
_c31875 _d31875 |
||